000 00709nam a2200241 i 4500
001 C2-0230582
003 PPAK
005 20180728083628.0
008 001030s1999 my a|||| ||||| | may d
020 _a9839512013
040 _aPPAK
_beng
_cPPAK
_erda
082 0 4 _a499.23076
_223
090 0 0 _a499.23076
_bADI
_dG
100 0 _aAdibah Amin,
_eauthor
245 1 0 _aCome to class with Adibah - PMR bahasa
264 1 _aPetaling Jaya, Selangor :
_bStar Publications ,
_c1999
300 _a210 pages :
_billustrations ;
_c21 cm
336 _2rdacontent
_atext
337 _2rdamedia
_aunmediated
338 _2rdacarrier
_avolume
650 1 0 _aBahasa Melayu - Problems, exercises, etc
942 _ddc
_cB
999 _c150154
_d150154